Coal resources of the Russell Fork basin in Kentucky and Virginia / (Record no. 24749)

MARC details
000 -LEADER
fixed length control field 00910cam a22002651i 4500
001 - CONTROL NUMBER
control field gs 08000320
003 - CONTROL NUMBER IDENTIFIER
control field DLC
005 - DATE AND TIME OF LATEST TRANSACTION
control field 20260227111307.0
008 - FIXED-LENGTH DATA ELEMENTS--GENERAL INFORMATION
fixed length control field 790411s1908 dcuabf b f001 0 eng
010 ## - LIBRARY OF CONGRESS CONTROL NUMBER
LC control number gs 08000320
035 ## - SYSTEM CONTROL NUMBER
System control number (OCoLC)4844503
040 ## - CATALOGING SOURCE
Original cataloging agency DLC
Transcribing agency ICharE
Modifying agency DLC
043 ## - GEOGRAPHIC AREA CODE
Geographic area code n-us-ky
-- n-us-va
050 00 - LIBRARY OF CONGRESS CALL NUMBER
Classification number QE75
Item number .B9 no. 348
100 1# - MAIN ENTRY--PERSONAL NAME
Personal name Stone, Ralph W.
Fuller form of name (Ralph Walter),
Dates associated with a name 1876-1964.
245 10 - TITLE STATEMENT
Title Coal resources of the Russell Fork basin in Kentucky and Virginia /
Statement of responsibility, etc. by Ralph W. Stone.
260 ## - PUBLICATION, DISTRIBUTION, ETC.
Place of publication, distribution, etc. Washington,
Name of publisher, distributor, etc. Govt. Print. Off.,
Date of publication, distribution, etc. 1908.
300 ## - PHYSICAL DESCRIPTION
Extent 127 p. :
Other physical details ill., viii pl. (part fold., incl. 2 maps in pocket) diagrs. ;
Dimensions 24 cm.
490 1# - SERIES STATEMENT
Series statement U.S. Geological survey. Bulletin 348
504 ## - BIBLIOGRAPHY, ETC. NOTE
Bibliography, etc. note Bibliography : p. 121-122.
500 ## - GENERAL NOTE
General note Includes index.
650 #0 - SUBJECT ADDED ENTRY--TOPICAL TERM
Topical term or geographic name entry element Coal
Geographic subdivision Kentucky.
650 #0 - SUBJECT ADDED ENTRY--TOPICAL TERM
Topical term or geographic name entry element Coal
Geographic subdivision Virginia.
810 2# - SERIES ADDED ENTRY--CORPORATE NAME
Corporate name or jurisdiction name as entry element Geological Survey (U.S.).
Title of a work Bulletin ;
Volume/sequential designation no. 348.

No items available.

Powered by Koha